[Event "Hastings Masters 1989/90"]
[Site "Hastings"]
[Date "1990.01.??"]
[Round "?"]
[White "Hebden, Mark L"]
[Black "Gallagher, Joseph G"]
[Result "1/2-1/2"]
[WhiteElo "2520"]
[BlackElo "2445"]
[PlyCount "70"]
[EventDate "1990.01.09"]
[EventType "schev"]
[EventRounds "9"]
[EventCountry "ENG"]
[SourceTitle "BritBase"]
[Source "John Saunders"]
[SourceDate "2024.12.03"]
[SourceVersion "1"]
[SourceVersionDate "2024.12.03"]
[SourceQuality "1"]

1. e4 c5 2. Nc3 Nc6 3. Nf3 e5 4. Bc4 d6 5. d3 Be7 6. Nd5 Nf6 7. c3 O-O 8. h3 Nxd5 9. Bxd5 Bf6 10. g4 Qe8 11. Be3 Be6 12. Nd2 Bd8 13. Nc4 Bc7 14. Bg5 f6 15. Bh4 Bxd5 16. exd5 Ne7 17. Ne3 Qg6 18. Qd2 Qh6 19. Bg3 f5 20. gxf5 Nxf5 21. Nxf5 Qxd2+ 22. Kxd2 Rxf5 23. Rae1 Raf8 24. Re4 Bd8 25. h4 h5 26. Ke2 Kh7 27. Rf1 g5 28. hxg5 Bxg5 29. b4 cxb4 30. Rxb4 R8f7 31. Rc4 Bf4 32. Bh4 Bg5 33. Bg3 Bf4 34. Bh4 Bg5 35. Bg3 Bf4 1/2-1/2

[Event "Hastings Masters 1989/90"]
[Site "Hastings"]
[Date "1990.01.??"]
[Round "?"]
[White "Hebden, Mark L"]
[Black "Sahl, Bjarke Barth"]
[Result "1-0"]
[WhiteElo "2520"]
[BlackElo "2385"]
[PlyCount "80"]
[EventDate "1990.01.09"]
[EventType "schev"]
[EventRounds "9"]
[EventCountry "ENG"]
[SourceTitle "BritBase"]
[Source "John Saunders"]
[SourceDate "2024.12.03"]
[SourceVersion "1"]
[SourceVersionDate "2024.12.03"]
[SourceQuality "1"]

1. e4 c5 2. Nc3 Nc6 3. Nf3 g6 4. d4 cxd4 5. Nxd4 Bg7 6. Be3 Nf6 7. Bc4 O-O 8. Bb3 a5 9. a4 Ng4 10. Qxg4 Nxd4 11. Qh4 Nxb3 12. cxb3 Ra6 13. O-O Re6 14. Rfe1 b6 15. Bh6 Bb7 16. Bxg7 Kxg7 17. Re3 Re5 18. f4 Rc5 19. Rd1 e6 20. Qf2 Bc6 21. Rh3 h5 22. Rg3 Qf6 23. h4 d5 24. e5 Qe7 25. Rg5 b5 26. axb5 Bxb5 27. f5 exf5 28. Nxd5 Rxd5 29. Rxd5 Bc6 30. Rd6 Bd7 31. Qc5 Be6 32. Qxa5 Rc8 33. Qd2 Rc5 34. Qd4 Rc1+ 35. Kh2 Re1 36. Qc3 Re4 37. Rd4 Re2 38. Rg3 Kh7 39. Re3 Rf2 40. Kg1 f4 1-0

[Event "Hastings Masters 1989/90"]
[Site "Hastings"]
[Date "1990.01.??"]
[Round "?"]
[White "Janjgava, Lasha"]
[Black "Hebden, Mark L"]
[Result "1-0"]
[WhiteElo "2470"]
[BlackElo "2520"]
[PlyCount "91"]
[EventDate "1990.01.09"]
[EventType "schev"]
[EventRounds "9"]
[EventCountry "ENG"]
[SourceTitle "BritBase"]
[Source "John Saunders"]
[SourceDate "2024.12.03"]
[SourceVersion "1"]
[SourceVersionDate "2024.12.03"]
[SourceQuality "1"]

1. d4 Nf6 2. c4 g6 3. Nc3 Bg7 4. e4 d6 5. Be2 O-O 6. Nf3 e5 7. O-O Nc6 8. d5 Ne7 9. Nd2 Ne8 10. b4 f5 11. c5 Kh8 12. f3 f4 13. Nc4 g5 14. g4 fxg3 15. hxg3 Ng6 16. Rf2 h5 17. Rh2 h4 18. g4 Nf4 19. Be3 Qf6 20. Bf1 Bd7 21. a4 Rf7 22. Raa2 Bf8 23. Na5 b6 24. cxb6 axb6 25. Nb3 Qd8 26. Bb5 Nf6 27. Bxd7 Qxd7 28. Bxf4 exf4 29. Nd4 Bg7 30. Ncb5 Ne8 31. Nc6 Rf8 32. Rhc2 Bf6 33. Kh2 Ng7 34. Kh3 Kg8 35. Qd3 Rf7 36. a5 bxa5 37. bxa5 Rff8 38. a6 Rfe8 39. a7 Rec8 40. Nbd4 Re8 41. Rcb2 Kf7 42. Rb7 Bxd4 43. Qxd4 Kg6 44. Rb8 Ne6 45. Qc4 Nc5 46. Rxa8 1-0

[Event "Hastings Masters 1989/90"]
[Site "Hastings"]
[Date "1990.01.??"]
[Round "?"]
[White "Janjgava, Lasha"]
[Black "Levitt, Jonathan P"]
[Result "1/2-1/2"]
[WhiteElo "2470"]
[BlackElo "2480"]
[PlyCount "32"]
[EventDate "1990.01.09"]
[EventType "schev"]
[EventRounds "9"]
[EventCountry "ENG"]
[SourceTitle "BritBase"]
[Source "John Saunders"]
[SourceDate "2024.12.03"]
[SourceVersion "1"]
[SourceVersionDate "2024.12.03"]
[SourceQuality "1"]

1. d4 d5 2. c4 c6 3. Nf3 Nf6 4. Nc3 dxc4 5. a4 Bf5 6. Ne5 e6 7. f3 Bb4 8. e4 Bxe4 9. fxe4 Nxe4 10. Bd2 Qxd4 11. Nxe4 Qxe4+ 12. Qe2 Bxd2+ 13. Kxd2 Qd5+ 14. Kc2 Na6 15. Nxc4 Ke7 16. Qe5 Rhd8 1/2-1/2

[Event "Hastings Masters 1989/90"]
[Site "Hastings"]
[Date "1990.01.??"]
[Round "?"]
[White "Kaidanov, Gregory S"]
[Black "Gallagher, Joseph G"]
[Result "1/2-1/2"]
[WhiteElo "2500"]
[BlackElo "2445"]
[PlyCount "96"]
[EventDate "1990.01.09"]
[EventType "schev"]
[EventRounds "9"]
[EventCountry "ENG"]
[SourceTitle "BritBase"]
[Source "John Saunders"]
[SourceDate "2024.12.03"]
[SourceVersion "1"]
[SourceVersionDate "2024.12.03"]
[SourceQuality "1"]

1. d4 Nf6 2. c4 g6 3. Nc3 Bg7 4. e4 d6 5. Be2 O-O 6. Bg5 h6 7. Be3 e5 8. d5 c6 9. Qd2 h5 10. h3 cxd5 11. cxd5 Nbd7 12. Nf3 a6 13. Ng5 b5 14. b4 Nb6 15. a4 bxa4 16. Nxa4 Nxa4 17. Rxa4 Bh6 18. Bd3 Bd7 19. Ra5 Bb5 20. O-O Nxd5 21. exd5 Bxd3 22. Nxf7 Rxf7 23. Qxd3 Bxe3 24. Qxg6+ Rg7 25. Qe6+ Kh8 26. fxe3 Qg5 27. Ra2 Qxe3+ 28. Kh1 Rag8 29. Qf6 Kh7 30. Qh4 Qg5 31. Qxg5 Rxg5 32. Rf6 Rb8 33. Rxa6 Rxb4 34. Rfxd6 Rd4 35. Rd7+ Rg7 36. Raa7 Rxd7 37. Rxd7+ Kg6 38. d6 e4 39. Kg1 e3 40. Kf1 Rd2 41. Rd8 Kf7 42. d7 Kg7 43. h4 Kh7 44. Re8 Rxd7 45. Rxe3 Rd4 46. g3 Rd2 47. Re2 Rxe2 48. Kxe2 Kg6 1/2-1/2

[Event "Hastings Masters 1989/90"]
[Site "Hastings"]
[Date "1990.01.??"]
[Round "?"]
[White "Lane, Gary William"]
[Black "Sher, Miron Naumovich"]
[Result "1/2-1/2"]
[WhiteElo "2385"]
[BlackElo "2470"]
[PlyCount "89"]
[EventDate "1990.01.09"]
[EventType "schev"]
[EventRounds "9"]
[EventCountry "ENG"]
[SourceTitle "BritBase"]
[Source "John Saunders"]
[SourceDate "2024.12.03"]
[SourceVersion "1"]
[SourceVersionDate "2024.12.03"]
[SourceQuality "1"]

1. e4 c5 2. c3 e6 3. d4 d5 4. exd5 Qxd5 5. Nf3 Nf6 6. Na3 Qd8 7. Nc2 Be7 8. g3 b6 9. Bg2 Bb7 10. O-O Nbd7 11. c4 O-O 12. Bf4 Qc8 13. Qe2 Be4 14. Ne5 Bxg2 15. Kxg2 cxd4 16. Nxd4 Nxe5 17. Bxe5 Nd7 18. Nf3 Nxe5 19. Nxe5 Bf6 20. Rac1 Rd8 21. Nf3 Qc5 22. Rfd1 g6 23. b3 Kg7 24. Nd2 Qc6+ 25. Ne4 Bd4 26. Qf3 Bb2 27. Rb1 Be5 28. Ng5 Qxf3+ 29. Nxf3 Bc3 30. a3 Rac8 31. Kf1 Kf8 32. Ke2 Rxd1 33. Kxd1 Ke8 34. Ng5 Ke7 35. Rc1 Be5 36. Ke2 h6 37. Nf3 Bf6 38. Rc2 Rc7 39. b4 Ke8 40. Nd2 Be7 41. Nb3 a6 42. Kd3 Rd7+ 43. Ke2 Rc7 44. Kd3 Rd7+ 45. Ke2 1/2-1/2

[Event "Hastings Masters 1989/90"]
[Site "Hastings"]
[Date "1990.01.??"]
[Round "?"]
[White "Lane, Gary William"]
[Black "Janjgava, Lasha"]
[Result "0-1"]
[WhiteElo "2385"]
[BlackElo "2470"]
[PlyCount "86"]
[EventDate "1990.01.09"]
[EventType "schev"]
[EventRounds "9"]
[EventCountry "ENG"]
[SourceTitle "BritBase"]
[Source "John Saunders"]
[SourceDate "2024.12.03"]
[SourceVersion "1"]
[SourceVersionDate "2024.12.03"]
[SourceQuality "1"]

1. e4 c5 2. c3 Nf6 3. e5 Nd5 4. d4 cxd4 5. Nf3 e6 6. cxd4 d6 7. a3 Nc6 8. Bd3 g6 9. O-O dxe5 10. dxe5 Bg7 11. Re1 O-O 12. b4 b6 13. Qb3 Bd7 14. Bb2 a5 15. b5 a4 16. Qd1 Na7 17. Qxa4 Qe8 18. Qh4 Bxb5 19. Be4 Qd8 20. Qg4 Bc6 21. Nd4 Ne7 22. Nxc6 Naxc6 23. f4 b5 24. Qe2 Qb6+ 25. Kh1 Rab8 26. Nd2 Rfd8 27. Bxc6 Qxc6 28. Ne4 Nf5 29. Rac1 Qb7 30. Red1 Qb6 31. h3 Rd5 32. g4 Qe3 33. Qxe3 Nxe3 34. Rxd5 exd5 35. Nf6+ Bxf6 36. exf6 Nc4 37. Rc2 Re8 38. Bc1 d4 39. Kg2 d3 40. Rf2 Rd8 41. Bd2 Nxa3 42. Kf3 Nc4 43. Ke4 b4 0-1

[Event "Hastings Masters 1989/90"]
[Site "Hastings"]
[Date "1990.01.??"]
[Round "?"]
[White "Lane, Gary William"]
[Black "Farago, Ivan"]
[Result "1/2-1/2"]
[WhiteElo "2385"]
[BlackElo "2495"]
[PlyCount "153"]
[EventDate "1990.01.09"]
[EventType "schev"]
[EventRounds "9"]
[EventCountry "ENG"]
[SourceTitle "BritBase"]
[Source "John Saunders"]
[SourceDate "2024.12.03"]
[SourceVersion "1"]
[SourceVersionDate "2024.12.03"]
[SourceQuality "1"]

1. e4 e6 2. d4 d5 3. Nd2 Nf6 4. e5 Nfd7 5. c3 c5 6. f4 Nc6 7. Ndf3 Qb6 8. h4 a5 9. a3 a4 10. h5 h6 11. g4 Qb3 12. Qe2 cxd4 13. cxd4 Nb6 14. Rh3 Nc4 15. Qf2 Bb4+ 16. axb4 Nxb4 17. Bxc4 Qxc4 18. Nd2 Nd3+ 19. Rxd3 Qxd3 20. Ra3 Qh7 21. Rc3 Bd7 22. Qf1 O-O 23. Qd3 Qxd3 24. Rxd3 Rfc8 25. Kd1 b5 26. b4 axb3 27. Nxb3 Rc4 28. Nc5 Bc6 29. Ne2 b4 30. Bb2 Kh7 31. Nc1 Bb5 32. Rf3 Rg8 33. f5 Rc8 34. N1d3 b3 35. Nc1 Rb4 36. N1xb3 Bc4 37. Kc2 Be2 38. Rg3 exf5 39. gxf5 Bxh5 40. Bc3 Rb6 41. Nc1 Ra8 42. N1d3 Ra2+ 43. Kc1 Rh2 44. Nf4 Rh1+ 45. Kd2 Rbb1 46. Nxd5 Rbf1 47. Ne7 Rh2+ 48. Ke3 Rc1 49. Ne4 Rd1 50. Nd2 Re1+ 51. Kd3 Be2+ 52. Kc2 h5 53. d5 h4 54. e6 Bd1+ 55. Kd3 hxg3 56. exf7 g2 57. f8=Q Rxe7 58. Bd4 Rh3+ 59. Kc4 Rh4 60. Qxe7 Rxd4+ 61. Kxd4 g1=Q+ 62. Qe3 Qg4+ 63. Qe4 Qg1+ 64. Kc4 Bh5 65. Kb5 Qf2 66. Nb3 Bf3 67. Qe5 Qc2 68. Kb4 Qb1 69. d6 Bd1 70. d7 Qxb3+ 71. Kc5 Qa3+ 72. Kb6 Qb4+ 73. Kc7 Qc4+ 74. Kd6 Qb4+ 75. Qc5 Qf4+ 76. Ke7 Qg5+ 77. Kd6 1/2-1/2

[Event "Hastings Masters 1989/90"]
[Site "Hastings"]
[Date "1990.01.??"]
[Round "?"]
[White "Lane, Gary William"]
[Black "Smagin, Sergey"]
[Result "0-1"]
[WhiteElo "2385"]
[BlackElo "2535"]
[PlyCount "88"]
[EventDate "1990.01.09"]
[EventType "schev"]
[EventRounds "9"]
[EventCountry "ENG"]
[SourceTitle "BritBase"]
[Source "John Saunders"]
[SourceDate "2024.12.03"]
[SourceVersion "1"]
[SourceVersionDate "2024.12.03"]
[SourceQuality "1"]

1. e4 e5 2. Nf3 Nc6 3. c3 Nf6 4. d4 d6 5. dxe5 dxe5 6. Qxd8+ Nxd8 7. Nbd2 Nd7 8. Bc4 f6 9. Bb3 a5 10. O-O a4 11. Bc2 Nb6 12. Re1 Nf7 13. h3 Nd6 14. Nf1 Nb5 15. Bd3 Bd7 16. c4 Na7 17. Ne3 c6 18. Bd2 Be6 19. b4 O-O-O 20. Bf1 Rxd2 21. Nxd2 Bxb4 22. Red1 Bc5 23. Rac1 Nd7 24. Nc2 Kc7 25. a3 Nc8 26. Nb4 Nd6 27. Be2 Bd4 28. Rc2 Nc5 29. Bd3 Bf7 30. Kf1 Rd8 31. f3 b6 32. Be2 Ndb7 33. Nd3 Nb3 34. Nb2 N7c5 35. Nb1 Na1 36. Rcd2 Ncb3 37. Rd3 Ra8 38. Nc3 Nc5 39. Rxd4 exd4 40. Rxd4 Nc2 41. Rd2 Nxa3 42. Kf2 Ra5 43. f4 b5 44. cxb5 Nxb5 0-1

[Event "Hastings Masters 1989/90"]
[Site "Hastings"]
[Date "1990.01.??"]
[Round "?"]
[White "Levitt, Jonathan P"]
[Black "Kaidanov, Gregory S"]
[Result "0-1"]
[WhiteElo "2480"]
[BlackElo "2500"]
[PlyCount "76"]
[EventDate "1990.01.09"]
[EventType "schev"]
[EventRounds "9"]
[EventCountry "ENG"]
[SourceTitle "BritBase"]
[Source "John Saunders"]
[SourceDate "2024.12.03"]
[SourceVersion "1"]
[SourceVersionDate "2024.12.03"]
[SourceQuality "1"]

1. d4 d5 2. Nf3 Nf6 3. c4 e6 4. Nc3 c6 5. Bg5 dxc4 6. e4 b5 7. e5 h6 8. Bh4 g5 9. Nxg5 hxg5 10. Bxg5 Nbd7 11. exf6 Qa5 12. Be2 Bb7 13. O-O O-O-O 14. Qc2 c5 15. dxc5 Bxc5 16. h4 Rdg8 17. Ne4 Qc7 18. Rfd1 Bxe4 19. Qxe4 Rxg5 20. Rxd7 Kxd7 21. Rd1+ Rd5 22. Rxd5+ exd5 23. Qxd5+ Bd6 24. Qxb5+ Kd8 25. h5 Re8 26. Kf1 c3 27. bxc3 Qxc3 28. g3 Qxf6 29. Qa5+ Ke7 30. Qxa7+ Kf8 31. Qb6 Kg7 32. a4 Qe5 33. Bg4 Rb8 34. Qc6 Rb1+ 35. Kg2 Rb2 36. h6+ Kxh6 37. Qc4 Kg7 38. Kg1 Bc5 0-1

[Event "Hastings Masters 1989/90"]
[Site "Hastings"]
[Date "1990.01.??"]
[Round "?"]
[White "Levitt, Jonathan P"]
[Black "Sahl, Bjarke Barth"]
[Result "1-0"]
[WhiteElo "2480"]
[BlackElo "2385"]
[PlyCount "54"]
[EventDate "1990.01.09"]
[EventType "schev"]
[EventRounds "9"]
[EventCountry "ENG"]
[SourceTitle "BritBase"]
[Source "John Saunders"]
[SourceDate "2024.12.03"]
[SourceVersion "1"]
[SourceVersionDate "2024.12.03"]
[SourceQuality "1"]

1. d4 f5 2. c4 Nf6 3. Nc3 g6 4. g3 Bg7 5. Bg2 O-O 6. d5 Na6 7. Nh3 Qe8 8. O-O d6 9. Rb1 h6 10. b4 Bd7 11. Re1 Qf7 12. Nf4 Rab8 13. Be3 g5 14. Ne6 f4 15. Bxa7 Ng4 16. Ne4 c5 17. Bxb8 fxg3 18. fxg3 Bxe6 19. dxe6 Qh5 20. h3 Ne3 21. Qd3 Rxb8 22. bxc5 dxc5 23. Kh1 Bd4 24. Rf1 Nxf1 25. Rxf1 Nb4 26. Qb1 Qxe2 27. Nxc5 Qc2 1-0

[Event "Hastings Masters 1989/90"]
[Site "Hastings"]
[Date "1990.01.18"]
[Round "9"]
[White "Levitt, Jonathan P"]
[Black "Gallagher, Joseph G"]
[Result "0-1"]
[WhiteElo "2480"]
[BlackElo "2445"]
[PlyCount "80"]
[EventDate "1990.01.09"]
[EventType "schev"]
[EventRounds "9"]
[EventCountry "ENG"]
[SourceTitle "BritBase"]
[Source "John Saunders"]
[SourceDate "2024.12.03"]
[SourceVersion "1"]
[SourceVersionDate "2024.12.03"]
[SourceQuality "1"]

1. d4 Nf6 2. c4 g6 3. Nf3 Bg7 4. g3 O-O 5. Bg2 d6 6. O-O Nbd7 7. Nc3 e5 8. e4 exd4 9. Nxd4 Re8 10. h3 a6 11. Re1 Rb8 12. Bf4 Ne5 13. Qe2 c5 14. Nf3 Nxf3+ 15. Qxf3 Nh5 16. Bd2 Be6 17. Bf1 Nf6 18. Bf4 Nh5 19. Be3 Nf6 20. Qd1 Qb6 21. Qc2 Nd7 22. f4 f5 23. exf5 Bxf5 24. Qd2 Nf6 25. g4 Be6 26. b3 Rbd8 27. Bg2 Qa5 28. Rac1 b5 29. Bc6 b4 30. Nd5 Bxd5 31. Bxd5+ Nxd5 32. Qxd5+ Kh8 33. Rc2 Rxe3 34. Rxe3 Bd4 35. Qe6 Qc7 36. Rce2 d5 37. cxd5 Qxf4 38. Kg2 Rf8 39. Qe4 Qf1+ 40. Kg3 Qg1+ {Sources: BCM, March 1990, p93} 0-1

[Event "Hastings Masters 1989/90"]
[Site "Hastings"]
[Date "1990.01.??"]
[Round "?"]
[White "Sahl, Bjarke Barth"]
[Black "Farago, Ivan"]
[Result "1/2-1/2"]
[WhiteElo "2385"]
[BlackElo "2495"]
[PlyCount "103"]
[EventDate "1990.01.09"]
[EventType "schev"]
[EventRounds "9"]
[EventCountry "ENG"]
[SourceTitle "BritBase"]
[Source "John Saunders"]
[SourceDate "2024.12.03"]
[SourceVersion "1"]
[SourceVersionDate "2024.12.03"]
[SourceQuality "1"]

1. d4 e6 2. Nf3 Nf6 3. e3 b6 4. Bd3 Bb7 5. O-O c5 6. b3 Be7 7. Bb2 O-O 8. c4 cxd4 9. exd4 d5 10. Nc3 Nc6 11. Rc1 Rc8 12. Re1 Nb4 13. Bf1 Re8 14. Ne5 Bf8 15. g3 dxc4 16. bxc4 Ba8 17. Bg2 Bxg2 18. Kxg2 Nd7 19. Nxd7 Qxd7 20. a3 Nc6 21. Ne4 Na5 22. Qg4 Qb7 23. Qf3 f5 24. Nd2 Qxf3+ 25. Kxf3 g6 26. Kg2 Bg7 27. f4 Rc6 28. c5 Rec8 29. Rb1 bxc5 30. d5 Rd6 31. Bxg7 Kxg7 32. Nf3 Rxd5 33. Rxe6 c4 34. Re7+ Kg8 35. Rbe1 Nc6 36. Re8+ Rxe8 37. Rxe8+ Kf7 38. Rc8 Rd6 39. Rc7+ Kg8 40. Ne5 Nxe5 41. fxe5 Rd2+ 42. Kf3 Rxh2 43. Rxc4 Kf7 44. Rc6 Ke7 45. Ra6 g5 46. a4 h5 47. a5 g4+ 48. Ke3 Rg2 49. Kd4 Rd2+ 50. Ke3 Rg2 51. Kd4 Rd2+ 52. Ke3 1/2-1/2

[Event "Hastings Masters 1989/90"]
[Site "Hastings"]
[Date "1990.01.??"]
[Round "?"]
[White "Sahl, Bjarke Barth"]
[Black "Conquest, Stuart C"]
[Result "0-1"]
[WhiteElo "2385"]
[BlackElo "2515"]
[PlyCount "112"]
[EventDate "1990.01.09"]
[EventType "schev"]
[EventRounds "9"]
[EventCountry "ENG"]
[SourceTitle "BritBase"]
[Source "John Saunders"]
[SourceDate "2024.12.03"]
[SourceVersion "1"]
[SourceVersionDate "2024.12.03"]
[SourceQuality "1"]

1. d4 Nf6 2. Nf3 e6 3. Bg5 Be7 4. Nbd2 h6 5. Bxf6 Bxf6 6. e4 d6 7. Bd3 Nc6 8. c3 e5 9. d5 Ne7 10. Nf1 c6 11. c4 g6 12. h4 h5 13. Ne3 Bg7 14. Nd2 Bh6 15. Ndf1 O-O 16. Qe2 b5 17. Nd2 bxc4 18. Bxc4 Rb8 19. Bb3 cxd5 20. exd5 a5 21. O-O Nf5 22. Nxf5 Bxf5 23. Nc4 Rb4 24. g3 Bg4 25. Qd3 a4 26. Bd1 Bh3 27. Re1 Qc7 28. b3 Bc8 29. a3 Rb8 30. Ne3 f5 31. b4 Qf7 32. Nc4 Qf6 33. Ra2 e4 34. Qb1 Bd7 35. Qb2 Qe7 36. Na5 Bg7 37. Qd2 Rbe8 38. Nc6 Qf6 39. Bxa4 Kh7 40. Bb5 Qf7 41. Na7 Bh6 42. Qc2 f4 43. Qc7 Re7 44. Qxd6 e3 45. fxe3 fxe3 46. Qc5 Bxb5 47. Nxb5 e2 48. Qxe7 Qxe7 49. Raxe2 Qf6 50. d6 Qf3 51. Kh2 Bf4 52. Re7+ Kh6 53. Rg1 Qf2+ 54. Rg2 Bxg3+ 55. Kh3 Qf3 56. Rxg3 Qh1# 0-1

[Event "Hastings Masters 1989/90"]
[Site "Hastings"]
[Date "1990.01.??"]
[Round "?"]
[White "Sahl, Bjarke Barth"]
[Black "Lane, Gary William"]
[Result "0-1"]
[WhiteElo "2385"]
[BlackElo "2385"]
[PlyCount "82"]
[EventDate "1990.01.09"]
[EventType "schev"]
[EventRounds "9"]
[EventCountry "ENG"]
[SourceTitle "BritBase"]
[Source "John Saunders"]
[SourceDate "2024.12.03"]
[SourceVersion "1"]
[SourceVersionDate "2024.12.03"]
[SourceQuality "1"]

1. e4 e5 2. Nc3 Nf6 3. g3 d5 4. exd5 Nxd5 5. Bg2 Nxc3 6. bxc3 Bd6 7. Ne2 O-O 8. O-O Nd7 9. d3 Nf6 10. c4 c6 11. Re1 Bc5 12. Be3 Bxe3 13. fxe3 Ng4 14. Nc3 f5 15. d4 f4 16. exf4 exf4 17. Re4 Qg5 18. Qf3 fxg3 19. Qxg3 h5 20. Rf1 Rxf1+ 21. Bxf1 Bf5 22. Re2 h4 23. Qg2 Qf4 24. Ne4 Re8 25. h3 Rxe4 26. Rxe4 Bxe4 27. Qxg4 Qe3+ 28. Kh2 Qf2+ 29. Bg2 Bxg2 30. Qxg2 Qxd4 31. Qe2 Kf7 32. Qh5+ Ke7 33. Qg5+ Kd7 34. Qf5+ Kc7 35. c5 Qf6 36. Qxf6 gxf6 37. Kg2 Kd7 38. Kf3 f5 39. Kf4 Ke6 40. Kg5 Ke5 41. Kxh4 f4 0-1

[Event "Hastings Masters 1989/90"]
[Site "Hastings"]
[Date "1990.01.??"]
[Round "?"]
[White "Sahl, Bjarke Barth"]
[Black "Smagin, Sergey"]
[Result "1/2-1/2"]
[WhiteElo "2385"]
[BlackElo "2535"]
[PlyCount "75"]
[EventDate "1990.01.09"]
[EventType "schev"]
[EventRounds "9"]
[EventCountry "ENG"]
[SourceTitle "BritBase"]
[Source "John Saunders"]
[SourceDate "2024.12.03"]
[SourceVersion "1"]
[SourceVersionDate "2024.12.03"]
[SourceQuality "1"]

1. d4 Nf6 2. Nf3 e6 3. c4 c5 4. e3 b6 5. Nc3 cxd4 6. exd4 Bb7 7. Bd3 Be7 8. O-O d5 9. b3 Nbd7 10. Bb2 O-O 11. Rc1 Rc8 12. Re1 Re8 13. Qe2 Bb4 14. a3 Bf8 15. Ne5 dxc4 16. Bxc4 g6 17. Bb5 Re7 18. Nxd7 Nxd7 19. Ne4 Bxe4 20. Qxe4 Nf6 21. Qe5 Nd5 22. Rxc8 Qxc8 23. Rc1 Qd8 24. Ba6 Bg7 25. Qe4 Rc7 26. Rxc7 Nxc7 27. Bc4 Ne8 28. Bd3 Qc8 29. h3 Nd6 30. Qf3 b5 31. g4 h6 32. Kg2 a5 33. a4 bxa4 34. bxa4 Kh7 35. Ba3 Nc4 36. Bc5 Ne5 37. dxe5 Qxc5 38. Qxf7 1/2-1/2

[Event "Hastings Masters 1989/90"]
[Site "Hastings"]
[Date "1990.01.??"]
[Round "?"]
[White "Sahl, Bjarke Barth"]
[Black "Sher, Miron Naumovich"]
[Result "1/2-1/2"]
[WhiteElo "2385"]
[BlackElo "2470"]
[PlyCount "117"]
[EventDate "1990.01.09"]
[EventType "schev"]
[EventRounds "9"]
[EventCountry "ENG"]
[SourceTitle "BritBase"]
[Source "John Saunders"]
[SourceDate "2024.12.03"]
[SourceVersion "1"]
[SourceVersionDate "2024.12.03"]
[SourceQuality "1"]

1. d4 Nf6 2. Nf3 e6 3. Bg5 c5 4. e3 Qb6 5. Nbd2 Qxb2 6. Bd3 d5 7. O-O c4 8. Be2 Be7 9. Ne5 Nc6 10. Rb1 Qa3 11. Nxc6 bxc6 12. e4 O-O 13. Re1 c3 14. Rb3 cxd2 15. Rxa3 dxe1=Q+ 16. Qxe1 Bxa3 17. f3 Nd7 18. Qc3 h6 19. Bh4 Bc1 20. Be7 Re8 21. Bd6 Nb6 22. e5 Nc4 23. Bxc4 dxc4 24. Qxc4 a5 25. Kf2 Ba6 26. Qc5 Bd2 27. a3 Rec8 28. h4 h5 29. g3 a4 30. f4 Bb5 31. c3 Bd3 32. Qb4 Bc1 33. c4 Bxa3 34. Qxa3 Bxc4 35. g4 hxg4 36. h5 c5 37. dxc5 Bd5 38. f5 exf5 39. Qc1 Ra7 40. Qg5 a3 41. h6 f6 42. exf6 a2 43. Be5 g3+ 44. Ke3 g2 45. h7+ Kxh7 46. Qxf5+ Kg8 47. Qxc8+ Kf7 48. Qg4 gxf6 49. Ba1 Ra4 50. Qd1 Ke6 51. Bd4 Ra3+ 52. Kd2 Be4 53. Qg4+ Kd5 54. Ba1 Rd3+ 55. Ke1 Re3+ 56. Kd2 Rd3+ 57. Ke1 Re3+ 58. Kd2 Rd3+ 59. Ke1 1/2-1/2

[Event "Hastings Masters 1989/90"]
[Site "Hastings"]
[Date "1990.01.??"]
[Round "?"]
[White "Sher, Miron Naumovich"]
[Black "Janjgava, Lasha"]
[Result "1/2-1/2"]
[WhiteElo "2470"]
[BlackElo "2470"]
[PlyCount "72"]
[EventDate "1990.01.09"]
[EventType "schev"]
[EventRounds "9"]
[EventCountry "ENG"]
[SourceTitle "BritBase"]
[Source "John Saunders"]
[SourceDate "2024.12.03"]
[SourceVersion "1"]
[SourceVersionDate "2024.12.03"]
[SourceQuality "1"]

1. c4 e6 2. Nf3 d5 3. g3 Nf6 4. Bg2 Be7 5. O-O O-O 6. d4 dxc4 7. Nc3 Nc6 8. e3 Rb8 9. Qa4 Bd7 10. Qxc4 Na5 11. Qe2 c5 12. dxc5 Bxc5 13. e4 Bb4 14. e5 Bxc3 15. bxc3 Nd5 16. c4 Nb6 17. c5 Nd5 18. Ng5 h6 19. Ne4 Nc6 20. Qh5 f5 21. exf6 Nxf6 22. Nxf6+ Qxf6 23. Rb1 Be8 24. Qg4 e5 25. Be3 Bg6 26. Qc4+ Kh8 27. Rbd1 Bf7 28. Qa4 Rbd8 29. Qb5 Qe7 30. a3 Qc7 31. Rd6 a6 32. Qd3 Nd4 33. Bxd4 Rxd6 34. cxd6 Qxd6 35. Bxb7 exd4 36. Rd1 a5 1/2-1/2

[Event "Hastings Masters 1989/90"]
[Site "Hastings"]
[Date "1990.01.??"]
[Round "?"]
[White "Sher, Miron Naumovich"]
[Black "Farago, Ivan"]
[Result "0-1"]
[WhiteElo "2470"]
[BlackElo "2495"]
[PlyCount "46"]
[EventDate "1990.01.09"]
[EventType "schev"]
[EventRounds "9"]
[EventCountry "ENG"]
[SourceTitle "BritBase"]
[Source "John Saunders"]
[SourceDate "2024.12.03"]
[SourceVersion "1"]
[SourceVersionDate "2024.12.03"]
[SourceQuality "1"]

1. c4 Nf6 2. Nc3 e5 3. Nf3 Nc6 4. e3 Bb4 5. Nd5 e4 6. Ng1 O-O 7. Qc2 Re8 8. Ne2 b6 9. Ng3 Bb7 10. b3 Bd6 11. a3 Be5 12. Nxf6+ Qxf6 13. Ra2 Qh4 14. Be2 Re6 15. Bb2 Rf8 16. b4 d6 17. b5 Ne7 18. Bxe5 Rxe5 19. O-O f5 20. d4 Re6 21. d5 Rh6 22. h3 Rg6 23. f4 Qxg3 0-1

[Event "Hastings Masters 1989/90"]
[Site "Hastings"]
[Date "1990.01.??"]
[Round "?"]
[White "Sher, Miron Naumovich"]
[Black "Smagin, Sergey"]
[Result "0-1"]
[WhiteElo "2470"]
[BlackElo "2535"]
[PlyCount "72"]
[EventDate "1990.01.09"]
[EventType "schev"]
[EventRounds "9"]
[EventCountry "ENG"]
[SourceTitle "BritBase"]
[Source "John Saunders"]
[SourceDate "2024.12.03"]
[SourceVersion "1"]
[SourceVersionDate "2024.12.03"]
[SourceQuality "1"]

1. c4 Nf6 2. Nc3 e6 3. Nf3 d5 4. d4 c6 5. Bg5 Nbd7 6. e3 Qa5 7. Nd2 Bb4 8. Qc2 O-O 9. Bxf6 Nxf6 10. Bd3 c5 11. Nb3 Qc7 12. dxc5 dxc4 13. Bxc4 Bxc5 14. Nxc5 Qxc5 15. Bd3 Bd7 16. Ne4 Nxe4 17. Bxe4 Qb4+ 18. Kf1 Rac8 19. Qb1 f5 20. Bf3 Bb5+ 21. Kg1 Rfd8 22. a3 Qb3 23. h3 Bc6 24. Bd1 Qd5 25. Bf3 Qe5 26. b4 f4 27. e4 Rd2 28. Ra2 Bxe4 29. Bxe4 Rxa2 30. Qxa2 Rc1+ 31. Kh2 f3+ 32. g3 Rxh1+ 33. Kxh1 Qxe4 34. Qd2 Qe2 35. Qd8+ Kf7 36. Qd7+ Kg6 0-1